000 00553nam a22001817a 4500
005 20260422110112.0
008 260422b |||||||| |||| 00| 0 eng d
020 _a9788199103047
_c350.00
040 _aMAIN
041 _aeng
082 _a330.01
_bBUR
100 _aBuragohain, Udeshna
_dBaishya, Dipali
245 _aIntroductory Mathematical Methods for Economics
_cBy Udeshna Buragohain.
260 _aJorhat:
_bNorth East Institute of Research Consultancy & Publication;
_c2025.
300 _a191p.
650 _aEconomics
942 _2ddc
_cBK
999 _c16414
_d16414